[Event "POR-ch U14"]
[Site "Luso"]
[Date "2018.03.26"]
[Round "4"]
[White "Dolores, Ines Filipa Azevedo"]
[Black "Andrade, Gustavo"]
[Result "0-1"]
[WhiteElo "1031"]
[BlackElo "1141"]
[PlyCount "58"]
[EventDate "2018.03.24"]
[EventType "swiss"]
[EventRounds "7"]
[EventCountry "POR"]
[SourceTitle "EXT 2019"]
[Source "ChessBase"]
[SourceDate "2018.10.10"]
[SourceVersion "1"]
[SourceVersionDate "2018.10.10"]
[SourceQuality "1"]

1. e4 e5 2. Nf3 Nc6 3. d3 Bc5 4. Be2 Nf6 5. 0-0 d6 6. c4 0-0 7. Nc3 Ne7 8. Be3 Ng6 9. g3 h5 10. Bg5 Bh3 11. Re1 c6 12. a3 Qb6 13. Na4 Bxf2+ 14. Kh1 Qd8 15. Nh4 Nxh4 16. Bxh4 Bxe1 17. Qxe1 Qc8 18. Qf2 Ng4 19. Qf5 Bg2+ 20. Kg1 Qxf5 21. exf5 Bh3 22. c5 b5 23. Bxg4 Bxg4 24. Rc1 bxa4 25. cxd6 f6 26. Rxc6 Rac8 27. Rc3 Rxc3 28. bxc3 Rd8 29. c4 Rxd6 0-1